| 000 | 00703nam a22001697a 4500 | ||
|---|---|---|---|
| 003 | CEME | ||
| 005 | 20210628203519.0 | ||
| 008 | 191115b xxu||||| |||| 00| 0 eng d | ||
| 040 | _cCEME | ||
| 082 | _a200 THE | ||
| 100 |
_aLiang Liu, Dr Tian Tian _965938 |
||
| 245 | _aModeling the performance of the piston ring pack with consideration of non axisymmetric characteristics of the power cylinder system in internal combustion engines | ||
| 260 |
_aMIT _bMIT _c2005 |
||
| 300 | _a143P | ||
| 650 |
_aMS-MECH-MIT.MODELING THE PERFORMANCE OF THE PISTON RING PACK WITH CONSIDERATION OF NON AXISYMMETRIC CHARACTERISTICS OF THE POWER CYLINDER SYSTEM IN INTERNAL COMBUSTION ENGINES _965939 |
||
| 942 |
_cBK _2ddc |
||
| 999 |
_c574008 _d574008 |
||